000 00638cam a22001937a 4500
999 _c331637
_d331637
001 3697489
003 NUST
005 20171011121246.0
008 900103s1976 pk 000 0 urd
010 _a 78930880
040 _aDLC
_cDLC
_dDLC
050 0 0 _aMLCSA 90/01509 (B)
082 _a297.4092
_bFAU
100 1 _aFauq, Muḥammaduddīn,
_d1887-1945.
_95337
245 1 0 _aSavāniḥayāt-i Ḥaz̤rat Dātā Ganj Bak̲h̲sh /
_cMuḥammaduddīn Fauq.
260 _aLāhaur :
_bJahāngīr Buk Ḍipo,
_c1976
300 _a192 p. ;
_c22 cm.
546 _aIn Urdu
650 _aBiography
_9461
880 _6100-01\(3\r
_aفوق محمد الدین
880 _6245-02\(3\r
_aؒسوانح عمری حضرت داتا گنج بخش
_cمؤلف: اکمل اویسی پیر زادہ
880 _6260-03\(3\r
_aلاہور:
_bادارہ اویس،
_c2003
906 _a7
_bcbc
_corignew
_du
_encip
_f19
_gy-gencatlg
942 _2ddc
_cBK